|
|
|
|
| LEADER |
03509nam a2200553 4500 |
| 001 |
978-3-030-20937-7 |
| 003 |
DE-He213 |
| 005 |
20191022141904.0 |
| 007 |
cr nn 008mamaa |
| 008 |
190518s2019 gw | s |||| 0|eng d |
| 020 |
|
|
|a 9783030209377
|9 978-3-030-20937-7
|
| 024 |
7 |
|
|a 10.1007/978-3-030-20937-7
|2 doi
|
| 040 |
|
|
|d GrThAP
|
| 050 |
|
4 |
|a Q334-342
|
| 072 |
|
7 |
|a UYQ
|2 bicssc
|
| 072 |
|
7 |
|a COM004000
|2 bisacsh
|
| 072 |
|
7 |
|a UYQ
|2 thema
|
| 082 |
0 |
4 |
|a 006.3
|2 23
|
| 245 |
1 |
0 |
|a Massively Multi-Agent Systems II
|h [electronic resource] :
|b International Workshop, MMAS 2018, Stockholm, Sweden, July 14, 2018, Revised Selected Papers /
|c edited by Donghui Lin, Toru Ishida, Franco Zambonelli, Itsuki Noda.
|
| 250 |
|
|
|a 1st ed. 2019.
|
| 264 |
|
1 |
|a Cham :
|b Springer International Publishing :
|b Imprint: Springer,
|c 2019.
|
| 300 |
|
|
|a X, 163 p. 117 illus., 52 illus. in color.
|b online resource.
|
| 336 |
|
|
|a text
|b txt
|2 rdacontent
|
| 337 |
|
|
|a computer
|b c
|2 rdamedia
|
| 338 |
|
|
|a online resource
|b cr
|2 rdacarrier
|
| 347 |
|
|
|a text file
|b PDF
|2 rda
|
| 490 |
1 |
|
|a Lecture Notes in Artificial Intelligence ;
|v 11422
|
| 520 |
|
|
|a This book contains revised selected and invited papers presented at the International Workshop on Massively Multi-Agent Systems, MMAS 2018, held in Stockholm, Sweden, in July 2018. The 7 revised full papers presented were carefully reviewed and selected for inclusion in this volume. Also included are 3 post-workshop papers. The papers discuss enabling technologies, new architectures, promising applications, and challenges of massively multi-agent systems in the era of IoT. They are organized in the following topical sections: multi-agent systems and Internet of Things; architectures for massively multi-agent systems; and applications of massively multi-agent systems.
|
| 650 |
|
0 |
|a Artificial intelligence.
|
| 650 |
|
0 |
|a Computer organization.
|
| 650 |
|
0 |
|a Application software.
|
| 650 |
|
0 |
|a Operating systems (Computers).
|
| 650 |
1 |
4 |
|a Artificial Intelligence.
|0 http://scigraph.springernature.com/things/product-market-codes/I21000
|
| 650 |
2 |
4 |
|a Computer Systems Organization and Communication Networks.
|0 http://scigraph.springernature.com/things/product-market-codes/I13006
|
| 650 |
2 |
4 |
|a Information Systems Applications (incl. Internet).
|0 http://scigraph.springernature.com/things/product-market-codes/I18040
|
| 650 |
2 |
4 |
|a Operating Systems.
|0 http://scigraph.springernature.com/things/product-market-codes/I14045
|
| 700 |
1 |
|
|a Lin, Donghui.
|e editor.
|0 (orcid)0000-0001-9462-0216
|1 https://orcid.org/0000-0001-9462-0216
|4 edt
|4 http://id.loc.gov/vocabulary/relators/edt
|
| 700 |
1 |
|
|a Ishida, Toru.
|e editor.
|0 (orcid)0000-0002-0479-4990
|1 https://orcid.org/0000-0002-0479-4990
|4 edt
|4 http://id.loc.gov/vocabulary/relators/edt
|
| 700 |
1 |
|
|a Zambonelli, Franco.
|e editor.
|0 (orcid)0000-0002-6837-8806
|1 https://orcid.org/0000-0002-6837-8806
|4 edt
|4 http://id.loc.gov/vocabulary/relators/edt
|
| 700 |
1 |
|
|a Noda, Itsuki.
|e editor.
|0 (orcid)0000-0003-1987-5336
|1 https://orcid.org/0000-0003-1987-5336
|4 edt
|4 http://id.loc.gov/vocabulary/relators/edt
|
| 710 |
2 |
|
|a SpringerLink (Online service)
|
| 773 |
0 |
|
|t Springer eBooks
|
| 776 |
0 |
8 |
|i Printed edition:
|z 9783030209360
|
| 776 |
0 |
8 |
|i Printed edition:
|z 9783030209384
|
| 830 |
|
0 |
|a Lecture Notes in Artificial Intelligence ;
|v 11422
|
| 856 |
4 |
0 |
|u https://doi.org/10.1007/978-3-030-20937-7
|z Full Text via HEAL-Link
|
| 912 |
|
|
|a ZDB-2-SCS
|
| 912 |
|
|
|a ZDB-2-LNC
|
| 950 |
|
|
|a Computer Science (Springer-11645)
|